[Event "Beijing Sportaccord blitz"]
[Site "Beijing"]
[Date "2014.12.13"]
[Round "23"]
[White "Radjabov, Teimour"]
[Black "Leko, Peter"]
[Result "1-0"]
[WhiteElo "2734"]
[BlackElo "2723"]
[PlyCount "65"]
[EventDate "2014.12.13"]
[EventType "tourn (blitz)"]
[EventRounds "30"]
[EventCountry "CHN"]
[EventCategory "20"]
[SourceTitle "CBM 163 Extra"]
[Source "ChessBase"]
[SourceDate "2014.12.23"]
[SourceVersion "1"]
[SourceVersionDate "2014.12.23"]
[SourceQuality "1"]

1. Nf3 Nf6 2. c4 c5 3. Nc3 Nc6 4. g3 d5 5. d4 e6 6. cxd5 Nxd5 7. Bg2 cxd4 8.
Nxd4 Nxc3 9. bxc3 Nxd4 10. Qxd4 Qxd4 11. cxd4 Bd6 12. O-O Rb8 13. Bb2 b6 14. e4
Bb7 15. Rfc1 f6 16. a4 Kd7 17. d5 exd5 18. exd5 Bc5 19. Bf3 Rhe8 20. Rd1 Ke7
21. a5 Kf8 22. Bc1 Rbd8 23. axb6 axb6 24. Rb1 Re7 25. Be3 Bxe3 26. fxe3 Rxe3
27. Rxb6 Rxf3 28. Rxb7 Re3 29. d6 Re6 30. Rc1 Rexd6 31. Rcc7 g5 32. Rxh7 Rd2
33. Rh8# 1-0

[Event "Beijing Sportaccord blitz"]
[Site "Beijing"]
[Date "2014.12.13"]
[Round "24"]
[White "Aronian, Levon"]
[Black "Radjabov, Teimour"]
[Result "1-0"]
[WhiteElo "2797"]
[BlackElo "2734"]
[PlyCount "167"]
[EventDate "2014.12.13"]
[EventType "tourn (blitz)"]
[EventRounds "30"]
[EventCountry "CHN"]
[EventCategory "20"]
[SourceTitle "CBM 163 Extra"]
[Source "ChessBase"]
[SourceDate "2014.12.23"]
[SourceVersion "1"]
[SourceVersionDate "2014.12.23"]
[SourceQuality "1"]

1. Nf3 Nf6 2. c4 e6 3. g3 d5 4. Bg2 Be7 5. d4 O-O 6. Nc3 dxc4 7. Ne5 Nc6 8.
Bxc6 bxc6 9. Nxc6 Qe8 10. Nxe7+ Qxe7 11. Qa4 c5 12. dxc5 Qxc5 13. Be3 Qc7 14.
f3 Bb7 15. Kf2 Nd5 16. Nxd5 Bxd5 17. Rhd1 f5 18. Rd4 Qb7 19. Qa3 a6 20. Rad1 h6
21. Bf4 a5 22. Be5 Kh7 23. Qe3 Rf7 24. Rh4 Kg8 25. Bc3 a4 26. a3 Qa7 27. Rdd4
Re8 28. Qe5 Qb8 29. Qe3 Ree7 30. Ke1 Qc7 31. Rd2 Qa7 32. Bd4 Qc7 33. Qc3 Qc6
34. Qe3 Rb7 35. Bc3 Qb6 36. Rhd4 Qc7 37. Kd1 Qc6 38. Qe5 Qc7 39. Qxc7 Rbxc7 40.
Ke1 Kh7 41. Rf4 g5 42. Rfd4 h5 43. Kf2 g4 44. Rf4 Kg6 45. Be5 Rb7 46. Rfd4 gxf3
47. exf3 Rb3 48. Rf4 Rfb7 49. Bc3 Rxc3 50. bxc3 Rb3 51. Rc2 e5 52. Rh4 Rxa3 53.
Rd2 Bf7 54. Rd6+ Kg7 55. Ra6 Ra2+ 56. Ke3 Ra1 57. Kd2 a3 58. h3 a2 59. Kc2 Rf1
60. Rxa2 Rf2+ 61. Kb1 Rxf3 62. Ra7 Rxc3 63. Rxh5 Kg6 64. g4 fxg4 65. hxg4 Rf3
66. Ra6+ Kg7 67. Rg5+ Kf8 68. Rxe5 c3 69. Rf5 Rxf5 70. gxf5 Bd5 71. Kc2 Be4+
72. Kxc3 Kf7 73. f6 Bf5 74. Kd4 Bg4 75. Ke5 Bf3 76. Ra7+ Kf8 77. Rc7 Bg4 78.
Kd5 Bf3+ 79. Ke5 Bg4 80. Rc4 Bf3 81. Ke6 Bb7 82. f7 Ba6 83. Rh4 Kg7 84. Rg4+
1-0

[Event "Beijing Sportaccord blitz"]
[Site "Beijing"]
[Date "2014.12.13"]
[Round "25"]
[White "Radjabov, Teimour"]
[Black "Gelfand, Boris"]
[Result "1/2-1/2"]
[WhiteElo "2734"]
[BlackElo "2743"]
[PlyCount "90"]
[EventDate "2014.12.13"]
[EventType "tourn (blitz)"]
[EventRounds "30"]
[EventCountry "CHN"]
[EventCategory "20"]
[SourceTitle "CBM 163 Extra"]
[Source "ChessBase"]
[SourceDate "2014.12.23"]
[SourceVersion "1"]
[SourceVersionDate "2014.12.23"]
[SourceQuality "1"]

1. Nf3 d5 2. b3 Nf6 3. Bb2 g6 4. c4 c6 5. g3 Bg7 6. Bg2 O-O 7. O-O dxc4 8. bxc4
c5 9. d3 Nc6 10. Ne5 Nxe5 11. Bxe5 Ne8 12. Bxg7 Kxg7 13. Nc3 Rb8 14. a4 Bd7 15.
a5 Nd6 16. Qc1 Nf5 17. Qb2 Kg8 18. Rfb1 Nd4 19. e3 Nc6 20. Nd5 Be6 21. Qc3 Qd6
22. Rb5 Rfc8 23. Rab1 Bxd5 24. Bxd5 Rc7 25. Bxc6 Qxc6 26. Qb3 Rd7 27. Qa3 Rc8
28. h4 h5 29. Qb3 Rcc7 30. Qc2 e5 31. R5b2 Rd6 32. e4 Qd7 33. Rb3 Qe7 34. Kg2
Kh7 35. Qb2 Rdd7 36. Qd2 Qe6 37. Qe3 Qa6 38. Rb5 Qd6 39. R5b3 Qa6 40. Qg5 Qe6
41. Qe3 Qa6 42. Rb5 Qd6 43. R5b3 Qa6 44. Qd2 Qe6 45. Qe3 Qa6 1/2-1/2

[Event "Beijing Sportaccord blitz"]
[Site "Beijing"]
[Date "2014.12.13"]
[Round "26"]
[White "Grischuk, Alexander"]
[Black "Radjabov, Teimour"]
[Result "1/2-1/2"]
[WhiteElo "2810"]
[BlackElo "2734"]
[PlyCount "112"]
[EventDate "2014.12.13"]
[EventType "tourn (blitz)"]
[EventRounds "30"]
[EventCountry "CHN"]
[EventCategory "20"]
[SourceTitle "CBM 163 Extra"]
[Source "ChessBase"]
[SourceDate "2014.12.23"]
[SourceVersion "1"]
[SourceVersionDate "2014.12.23"]
[SourceQuality "1"]

1. d4 Nf6 2. Bf4 e6 3. e3 c5 4. Nd2 Nc6 5. c3 d5 6. Ngf3 Bd6 7. Bg3 Bxg3 8.
hxg3 Qe7 9. Ne5 Nd7 10. Qg4 Ndxe5 11. dxe5 f5 12. exf6 gxf6 13. Bd3 Bd7 14.
Qh5+ Kd8 15. O-O-O Kc7 16. Nf3 Raf8 17. e4 d4 18. cxd4 cxd4 19. Kb1 e5 20. Rc1
Kb8 21. Bc4 Be6 22. Nd2 Bxc4 23. Rxc4 Rc8 24. Rhc1 Qd7 25. Qf3 Rhf8 26. Nb3 b6
27. Nd2 Kb7 28. a3 Qe6 29. Qd3 Rc7 30. f4 Rfc8 31. Nf3 Qg4 32. fxe5 fxe5 33. b4
a6 34. a4 Qxg3 35. R1c2 Qg7 36. Qb3 Qd7 37. b5 axb5 38. Qxb5 Na7 39. Qxd7 Rxd7
40. Nxe5 Rxc4 41. Rxc4 Re7 42. Nf3 Rxe4 43. Rxd4 Rxd4 44. Nxd4 Nc6 45. Ne6 Ka6
46. g4 h6 47. g5 hxg5 48. Nxg5 Ka5 49. Ne4 Kxa4 50. Kb2 Kb4 51. Nc3 Kc4 52. Na4
b5 53. Nc3 b4 54. Na2 Ne5 55. Nxb4 Nd3+ 56. Nxd3 Kxd3 1/2-1/2

[Event "Beijing Sportaccord blitz"]
[Site "Beijing"]
[Date "2014.12.13"]
[Round "27"]
[White "Radjabov, Teimour"]
[Black "Dominguez Perez, Leinier"]
[Result "1-0"]
[WhiteElo "2734"]
[BlackElo "2726"]
[PlyCount "131"]
[EventDate "2014.12.13"]
[EventType "tourn (blitz)"]
[EventRounds "30"]
[EventCountry "CHN"]
[EventCategory "20"]
[SourceTitle "CBM 163 Extra"]
[Source "ChessBase"]
[SourceDate "2014.12.23"]
[SourceVersion "1"]
[SourceVersionDate "2014.12.23"]
[SourceQuality "1"]

1. Nf3 d5 2. b3 Nf6 3. Bb2 e6 4. c4 Be7 5. g3 O-O 6. Bg2 c5 7. e3 Nc6 8. O-O d4
9. exd4 cxd4 10. Re1 Qb6 11. Na3 Nd7 12. Nc2 e5 13. d3 a5 14. Rb1 Bd6 15. a3
Qc7 16. Ba1 b6 17. b4 Bb7 18. Nd2 axb4 19. axb4 Nf6 20. b5 Nd8 21. Qe2 Bxg2 22.
Kxg2 Ne6 23. Nb3 Ra2 24. Rb2 Rfa8 25. Reb1 h5 26. h4 g6 27. Ncxd4 Rxb2 28. Bxb2
exd4 29. Qf3 Ra2 30. Qxf6 Be5 31. Qf3 Kg7 32. Qd5 Bf6 33. Qc6 Qe5 34. Qe4 Qxe4+
35. dxe4 d3 36. e5 Be7 37. Kf3 Nc5 38. Nxc5 Bxc5 39. Bc3 Rxf2+ 40. Ke4 d2 41.
e6+ Kf8 42. Rd1 fxe6 43. Bxd2 Re2+ 44. Kf3 Re5 45. Bf4 Rf5 46. Ke4 Ke7 47. Ra1
e5 48. Ra7+ Ke6 49. Bg5 Rf1 50. Rg7 Re1+ 51. Kd3 Kf5 52. Rf7+ Kg4 53. Rf6 Kxg3
54. Rxg6 Kf3 55. Rf6+ Kg4 56. Rg6 e4+ 57. Kd2 Bb4+ 58. Kc2 Kf3 59. Rxb6 e3 60.
Rf6+ Ke4 61. Re6+ Kd4 62. b6 Re2+ 63. Kb3 Bc3 64. Bxe3+ Kd3 65. Rd6+ Kxe3 66.
Re6+ 1-0

[Event "Beijing Sportaccord blitz"]
[Site "Beijing"]
[Date "2014.12.13"]
[Round "29"]
[White "Radjabov, Teimour"]
[Black "Bacrot, Etienne"]
[Result "1-0"]
[WhiteElo "2734"]
[BlackElo "2718"]
[PlyCount "83"]
[EventDate "2014.12.13"]
[EventType "tourn (blitz)"]
[EventRounds "30"]
[EventCountry "CHN"]
[EventCategory "20"]
[SourceTitle "CBM 163 Extra"]
[Source "ChessBase"]
[SourceDate "2014.12.23"]
[SourceVersion "1"]
[SourceVersionDate "2014.12.23"]
[SourceQuality "1"]

1. Nf3 d5 2. g3 g6 3. Bg2 Bg7 4. d4 Nf6 5. O-O c6 6. b3 a5 7. c4 Bf5 8. Nc3 O-O
9. Bb2 Ne4 10. e3 Nxc3 11. Bxc3 a4 12. cxd5 cxd5 13. bxa4 Nc6 14. Qb3 Be4 15.
Nd2 Bxg2 16. Kxg2 Qd7 17. Qb5 Ra7 18. a5 Rfa8 19. Rab1 Qf5 20. Nb3 Qe4+ 21. Kg1
e5 22. Nc5 Qf3 23. Nxb7 exd4 24. Qxc6 dxc3 25. Rb5 h5 26. Rxd5 Kh7 27. h4 Rc8
28. Rxh5+ Qxh5 29. Qxc8 c2 30. a6 Qd1 31. Qc4 Ra8 32. Na5 Bb2 33. Nb3 Kg7 34.
Qc6 Ra7 35. Kg2 Qd3 36. Nc1 Qd2 37. Nb3 Qe2 38. Nc1 Rxa6 39. Qc8 Qd1 40. Qxa6
Bxc1 41. Qa4 Qd2 42. Qb3 1-0

[Event "Beijing Sportaccord blitz"]
[Site "Beijing"]
[Date "2014.12.13"]
[Round "30"]
[White "Wang, Hao"]
[Black "Radjabov, Teimour"]
[Result "1/2-1/2"]
[WhiteElo "2710"]
[BlackElo "2734"]
[PlyCount "90"]
[EventDate "2014.12.13"]
[EventType "tourn (blitz)"]
[EventRounds "30"]
[EventCountry "CHN"]
[EventCategory "20"]
[SourceTitle "CBM 163 Extra"]
[Source "ChessBase"]
[SourceDate "2014.12.23"]
[SourceVersion "1"]
[SourceVersionDate "2014.12.23"]
[SourceQuality "1"]

1. d4 Nf6 2. c4 g6 3. Nc3 d5 4. cxd5 Nxd5 5. e4 Nxc3 6. bxc3 Bg7 7. Be3 c5 8.
Qd2 O-O 9. Rc1 e5 10. d5 Qd6 11. Nf3 f5 12. Qc2 Nd7 13. Nd2 Nb6 14. f3 Bd7 15.
Be2 f4 16. Bf2 g5 17. h4 h6 18. hxg5 hxg5 19. g4 Rac8 20. Rb1 Rf6 21. Nc4 Nxc4
22. Bxc4 b6 23. Bb5 Bxb5 24. Rxb5 Rh6 25. Rxh6 Bxh6 26. Qa4 Rc7 27. Ke2 Bf8 28.
Qa6 Rh7 29. a4 Rh1 30. Qc8 Ra1 31. a5 Ra2+ 32. Kf1 Qh6 33. Qe6+ Qxe6 34. dxe6
Rxa5 35. Rxa5 bxa5 36. Ke2 a4 37. Kd3 a3 38. Kc2 c4 39. Bxa7 Kg7 40. Bb6 Be7
41. Kb1 Kf6 42. Ka2 Kxe6 43. Bc7 Kf6 44. Bb8 Ke6 45. Bc7 Kf6 1/2-1/2

[Event "Beijing Sportaccord Basque"]
[Site "Beijing"]
[Date "2014.12.16"]
[Round "1"]
[White "Leko, Peter"]
[Black "Radjabov, Teimour"]
[Result "0-1"]
[WhiteElo "2723"]
[BlackElo "2734"]
[PlyCount "150"]
[EventDate "2014.12.16"]
[EventType "swiss"]
[EventRounds "5"]
[EventCountry "CHN"]
[SourceTitle "CBM 164"]
[Source "ChessBase"]
[SourceDate "2015.01.15"]
[SourceVersion "1"]
[SourceVersionDate "2015.01.15"]
[SourceQuality "1"]

1. e4 e5 2. Nf3 Nc6 3. Bb5 Nf6 4. O-O Nxe4 5. d4 Nd6 6. Bxc6 dxc6 7. dxe5 Nf5
8. Qxd8+ Kxd8 9. h3 Ke8 10. Nc3 h5 11. Rd1 Be7 12. Ne2 Nh4 13. Nxh4 Bxh4 14. f3
Bf5 15. c3 Bc2 16. Rd2 Bf5 17. g4 Be6 18. Kg2 hxg4 19. hxg4 Bg5 20. Rd1 Bxc1
21. Rdxc1 Ke7 22. Rd1 Rad8 23. a3 c5 24. Ng3 b6 25. Rxd8 Rxd8 26. Re1 g6 27.
Kf2 Rd2+ 28. Re2 Rd1 29. Ne4 Rb1 30. Rd2 c6 31. Ng5 Bd5 32. f4 Rh1 33. Re2 Rh2+
34. Ke3 Rh4 35. Rf2 a5 36. Re2 b5 37. Rf2 Rxg4 38. Rh2 b4 39. axb4 cxb4 40.
cxb4 axb4 41. Rd2 f6 42. exf6+ Kxf6 43. Ne4+ Kf5 44. Nd6+ Ke6 45. Nb7 Rg3+ 46.
Kd4 Rf3 47. Nc5+ Kd6 48. Nd3 b3 49. Rh2 Be6 50. Ke4 Rg3 51. Kd4 Rf3 52. Ke4 Rg3
53. Kd4 Bf5 54. Nc5 Rf3 55. Rh4 Rf2 56. Nxb3 Rxb2 57. Na5 c5+ 58. Kc3 Rc2+ 59.
Kb3 Kd5 60. Rh8 Rf2 61. Rd8+ Ke4 62. Nb7 Kxf4 63. Nxc5 g5 64. Rf8 Ke3 65. Re8+
Kd4 66. Kb4 g4 67. Nb3+ Kd3 68. Rg8 Rb2 69. Rd8+ Ke3 70. Ka3 Rf2 71. Re8+ Kf4
72. Nc1 Be4 73. Rf8+ Ke3 74. Rg8 Rf4 75. Nb3 Bd5 0-1

[Event "Beijing Sportaccord Basque"]
[Site "Beijing"]
[Date "2014.12.16"]
[Round "1"]
[White "Radjabov, Teimour"]
[Black "Leko, Peter"]
[Result "1/2-1/2"]
[WhiteElo "2734"]
[BlackElo "2723"]
[PlyCount "94"]
[EventDate "2014.12.16"]
[EventType "swiss"]
[EventRounds "5"]
[EventCountry "CHN"]
[SourceTitle "CBM 164"]
[Source "ChessBase"]
[SourceDate "2015.01.15"]
[SourceVersion "1"]
[SourceVersionDate "2015.01.15"]
[SourceQuality "1"]

1. d4 Nf6 2. Nf3 e6 3. Bf4 c5 4. e3 Nc6 5. c3 d5 6. Nbd2 Bd6 7. Bg3 O-O 8. Bd3
b6 9. Qe2 Bb7 10. O-O Qc7 11. dxc5 bxc5 12. e4 Bxg3 13. hxg3 dxe4 14. Nxe4 Nxe4
15. Qxe4 g6 16. Qe3 Ne7 17. Ne5 Nd5 18. Qe2 Rad8 19. Rfe1 Kg7 20. Rad1 Nf6 21.
a3 Rd6 22. Nc4 Rd5 23. Qc2 Rfd8 24. Bf1 h5 25. Ne3 Rxd1 26. Rxd1 Rxd1 27. Qxd1
Nd5 28. Qd2 Nxe3 29. Qxe3 a5 30. b4 axb4 31. cxb4 cxb4 32. axb4 e5 33. Qa7 Qc6
34. Qa5 Qe4 35. Qc5 Qd4 36. Qc7 Qxb4 37. Qxe5+ Kg8 38. Qb8+ Kg7 39. Kh2 Qe7 40.
Qa7 Qe4 41. Qa1+ Kg8 42. Qf6 Qc6 43. Qf4 Kg7 44. f3 Qf6 45. Qxf6+ Kxf6 46. Kg1
Bd5 47. Kf2 Ke5 1/2-1/2

[Event "Beijing Sportaccord Basque"]
[Site "Beijing"]
[Date "2014.12.16"]
[Round "2"]
[White "Aronian, Levon"]
[Black "Radjabov, Teimour"]
[Result "1/2-1/2"]
[WhiteElo "2797"]
[BlackElo "2734"]
[PlyCount "76"]
[EventDate "2014.12.16"]
[EventType "swiss"]
[EventRounds "5"]
[EventCountry "CHN"]
[SourceTitle "CBM 164"]
[Source "ChessBase"]
[SourceDate "2015.01.15"]
[SourceVersion "1"]
[SourceVersionDate "2015.01.15"]
[SourceQuality "1"]

1. c4 g6 2. Nc3 Bg7 3. d4 Nf6 4. e4 d6 5. Nf3 O-O 6. h3 e5 7. d5 Nh5 8. g3 a5
9. Nh2 Na6 10. Be2 Nf6 11. Ng4 Nd7 12. Nh6+ Kh8 13. h4 Ndc5 14. g4 f5 15. h5
fxe4 16. hxg6 Qf6 17. Nf5 Qxg6 18. Nxg7 Bxg4 19. Ne6 Nd3+ 20. Bxd3 exd3 21. Rg1
Qf5 22. f3 Bxf3 23. Bh6 Bxd1 24. Bg7+ Kg8 25. Bxf8+ Bg4 26. Bh6 Nb4 27. Rd1
Nc2+ 28. Kd2 Qf2+ 29. Kc1 Ne3 30. Kb1 Nxd1 31. Rxg4+ Kf7 32. Rg7+ Ke8 33. Nxc7+
Kd8 34. Ne6+ Ke8 35. Rg8+ Kd7 36. Rg7+ Ke8 37. Rg8+ Kd7 38. Rg7+ Ke8 1/2-1/2

[Event "Beijing Sportaccord Basque"]
[Site "Beijing"]
[Date "2014.12.16"]
[Round "2"]
[White "Radjabov, Teimour"]
[Black "Aronian, Levon"]
[Result "1/2-1/2"]
[WhiteElo "2734"]
[BlackElo "2797"]
[PlyCount "71"]
[EventDate "2014.12.16"]
[EventType "swiss"]
[EventRounds "5"]
[EventCountry "CHN"]
[SourceTitle "CBM 164"]
[Source "ChessBase"]
[SourceDate "2015.01.15"]
[SourceVersion "1"]
[SourceVersionDate "2015.01.15"]
[SourceQuality "1"]

1. d4 Nf6 2. c4 g6 3. Nc3 d5 4. Nf3 Bg7 5. Qb3 dxc4 6. Qxc4 O-O 7. e4 Nc6 8.
Be2 e5 9. d5 Nd4 10. Nxd4 exd4 11. Qxd4 c6 12. Qc4 b5 13. Qxc6 Bd7 14. Qd6 Re8
15. Bg5 b4 16. Qxb4 Nxd5 17. Nxd5 Qxg5 18. O-O Rab8 19. Qd6 Be6 20. f4 Qh4 21.
Rad1 Bf8 22. Qa6 Bxd5 23. exd5 Rxb2 24. Bf3 Qxf4 25. d6 Rb6 26. Qxa7 Qe3+ 27.
Kh1 Rxd6 28. Qxe3 Rxe3 29. Rxd6 Bxd6 30. Bd5 Re7 31. a4 Bb4 32. Rb1 Bc3 33. g3
Rd7 34. Rb5 Ra7 35. Rb7 Rxb7 36. Bxb7 1/2-1/2

[Event "Beijing Sportaccord Basque"]
[Site "Beijing"]
[Date "2014.12.16"]
[Round "3"]
[White "Grischuk, Alexander"]
[Black "Radjabov, Teimour"]
[Result "0-1"]
[WhiteElo "2810"]
[BlackElo "2734"]
[PlyCount "97"]
[EventDate "2014.12.16"]
[EventType "swiss"]
[EventRounds "5"]
[EventCountry "CHN"]
[SourceTitle "CBM 164"]
[Source "ChessBase"]
[SourceDate "2015.01.15"]
[SourceVersion "1"]
[SourceVersionDate "2015.01.15"]
[SourceQuality "1"]

1. d4 Nf6 2. c4 e6 3. Nf3 d5 4. Nc3 Be7 5. Bg5 h6 6. Bh4 O-O 7. e3 Ne4 8. Bxe7
Qxe7 9. cxd5 Nxc3 10. bxc3 exd5 11. c4 Be6 12. Rc1 c6 13. Qb3 Nd7 14. Be2 Nb6
15. cxd5 Bxd5 16. Qb2 Na4 17. Qd2 Qa3 18. Bc4 Nb2 19. Be2 Qxa2 20. Ne5 Na4 21.
Rc2 Qa3 22. O-O Qe7 23. Ra1 Nb6 24. Qa5 Rfd8 25. Bf1 Qd6 26. Rcc1 Nd7 27. Nd3
a6 28. Qc3 Be4 29. Qb3 Rab8 30. h3 Re8 31. Nf4 Nf6 32. Bc4 Qe7 33. Ra5 Qd7 34.
Rca1 Qc7 35. Qa2 Rbd8 36. Qb2 Re7 37. Bf1 Nd5 38. Ne2 Bd3 39. R5a3 Bb5 40. Nc3
Bxf1 41. Rxf1 f5 42. Nxd5 Rxd5 43. g3 Kh7 44. Rc1 Rf7 45. Rac3 Rfd7 46. h4 Qd6
47. Qb1 Qg6 48. Kh2 Rb5 49. Qa2 0-1

[Event "Beijing Sportaccord Basque"]
[Site "Beijing"]
[Date "2014.12.16"]
[Round "3"]
[White "Radjabov, Teimour"]
[Black "Grischuk, Alexander"]
[Result "0-1"]
[WhiteElo "2734"]
[BlackElo "2810"]
[PlyCount "156"]
[EventDate "2014.12.16"]
[EventType "swiss"]
[EventRounds "5"]
[EventCountry "CHN"]
[SourceTitle "CBM 164"]
[Source "ChessBase"]
[SourceDate "2015.01.15"]
[SourceVersion "1"]
[SourceVersionDate "2015.01.15"]
[SourceQuality "1"]

1. Nf3 d5 2. g3 g6 3. Bg2 Bg7 4. d4 c6 5. O-O Nf6 6. b3 O-O 7. Bb2 Bf5 8. c4
Nbd7 9. Nc3 dxc4 10. bxc4 Nb6 11. c5 Nc4 12. Qb3 Nxb2 13. Qxb2 Qc7 14. e3 Rad8
15. a4 Ne4 16. a5 Nxc3 17. Qxc3 Be4 18. a6 b5 19. cxb6 axb6 20. Rac1 c5 21. Qa3
Qa7 22. dxc5 bxc5 23. Qxc5 Qxc5 24. Rxc5 Bd3 25. Ra5 Bxf1 26. Kxf1 Rd7 27. Ne1
Bc3 28. Ra3 Bb4 29. Ra4 Bc5 30. Bc6 Rc7 31. Bb7 Ba7 32. Ke2 Rd8 33. Ra2 Rd6 34.
Nf3 Rb6 35. Rd2 Kg7 36. h4 Rb5 37. Ra2 e6 38. Nd4 Rb6 39. Ra5 Rb2+ 40. Kf3 Rc3
41. Rb5 Rcc2 42. Rxb2 Rxb2 43. Nc6 Bc5 44. Ne5 Ra2 45. Nd3 Bb6 46. Ne5 f5 47.
Bc8 Ra1 48. Ke2 Ra2+ 49. Kf3 Bc5 50. Nd3 Ba7 51. Nb4 Ra4 52. Nc6 Bb6 53. Ne5
Ra2 54. Bxe6 Rxa6 55. Bc4 Ra4 56. Be2 Ra2 57. Nd3 Ba7 58. Bf1 h6 59. Nb4 Rd2
60. Nd3 Kf6 61. Nb4 g5 62. hxg5+ hxg5 63. Bc4 Bc5 64. Nd3 g4+ 65. Kg2 Bxe3 66.
Kf1 Bd4 67. Ke1 Rc2 68. Bd5 Rc3 69. Ke2 Bxf2 70. Nxf2 Rxg3 71. Nd3 Kg5 72. Bc6
Rh3 73. Bg2 Rh8 74. Kf2 Rb8 75. Bc6 Rb6 76. Ba8 Rb3 77. Ke2 f4 78. Ne5 Re3+ 0-1

[Event "Beijing Sportaccord Basque"]
[Site "Beijing"]
[Date "2014.12.17"]
[Round "4"]
[White "Radjabov, Teimour"]
[Black "Vachier Lagrave, Maxime"]
[Result "0-1"]
[WhiteElo "2734"]
[BlackElo "2758"]
[PlyCount "120"]
[EventDate "2014.12.16"]
[EventType "swiss"]
[EventRounds "5"]
[EventCountry "CHN"]
[SourceTitle "CBM 164"]
[Source "ChessBase"]
[SourceDate "2015.01.15"]
[SourceVersion "1"]
[SourceVersionDate "2015.01.15"]
[SourceQuality "1"]

1. Nf3 Nf6 2. c4 c6 3. d4 d5 4. Nc3 dxc4 5. a4 Bf5 6. e3 e6 7. Bxc4 Bb4 8. O-O
Nbd7 9. Qe2 O-O 10. e4 Bg6 11. Bd3 Bh5 12. e5 Nd5 13. Nxd5 cxd5 14. Qe3 Re8 15.
Bd2 Be7 16. Ng5 Bg6 17. Bxg6 hxg6 18. Nf3 Qb6 19. Bc3 Rac8 20. g3 Rc4 21. h4
Bb4 22. a5 Qb5 23. Kg2 Rec8 24. Rfb1 Nf8 25. Bxb4 Qxb4 26. Qa3 Qxa3 27. bxa3
R8c7 28. Rb5 Nd7 29. Rab1 b6 30. axb6 axb6 31. R5b4 f6 32. a4 Kf7 33. exf6 gxf6
34. Nd2 Rc2 35. R1b2 Rxb2 36. Rxb2 Rc3 37. Ra2 Rc7 38. Nb3 Ke7 39. a5 Ra7 40.
Ra1 bxa5 41. Rxa5 Rxa5 42. Nxa5 e5 43. Nb3 Nf8 44. Kf3 Ne6 45. Ke3 Ng7 46. g4
Ne6 47. f3 Nf4 48. Kf2 Kd6 49. Kg3 Kc6 50. g5 Nh5+ 51. Kh3 exd4 52. Nxd4+ Kc5
53. Ne6+ Kd6 54. Nd4 f5 55. Kg2 Kc5 56. Ne6+ Kc4 57. Kf2 d4 58. Ke2 Kc3 59. Nc5
Nf4+ 60. Kf2 d3 0-1

[Event "Beijing Sportaccord Basque"]
[Site "Beijing"]
[Date "2014.12.17"]
[Round "4"]
[White "Vachier Lagrave, Maxime"]
[Black "Radjabov, Teimour"]
[Result "1/2-1/2"]
[WhiteElo "2758"]
[BlackElo "2734"]
[PlyCount "188"]
[EventDate "2014.12.16"]
[EventType "swiss"]
[EventRounds "5"]
[EventCountry "CHN"]
[SourceTitle "CBM 164"]
[Source "ChessBase"]
[SourceDate "2015.01.15"]
[SourceVersion "1"]
[SourceVersionDate "2015.01.15"]
[SourceQuality "1"]

1. e4 e5 2. Nf3 Nc6 3. Bb5 Nf6 4. d3 d6 5. O-O Bd7 6. c3 g6 7. Re1 Bg7 8. Nbd2
O-O 9. Nf1 h6 10. Ba4 Qe7 11. Ng3 Rae8 12. d4 a6 13. h3 Kh7 14. Bc2 Qd8 15. Be3
Qc8 16. d5 Ne7 17. c4 Nfg8 18. c5 f5 19. exf5 gxf5 20. cxd6 cxd6 21. Rc1 Qd8
22. Nh5 Nf6 23. Nxg7 Kxg7 24. Qd2 f4 25. Bxf4 exf4 26. Qxf4 Nfxd5 27. Qg3+ Kh8
28. Qxd6 Rf6 29. Qe5 Bc6 30. Nd4 Qd6 31. Nxc6 bxc6 32. Qe4 Rf7 33. Rcd1 Qf6 34.
Qd4 Rg8 35. g3 Qxd4 36. Rxd4 Rgf8 37. Re6 Rf6 38. Rxf6 Rxf6 39. Ra4 c5 40. Bd3
Nc7 41. Rc4 Ne6 42. Re4 Nc6 43. Bxa6 Ng5 44. Re8+ Kg7 45. Kg2 Nf7 46. Re3 Nd6
47. Be2 Nd4 48. Bd3 c4 49. Bf1 N4f5 50. Rf3 Rg6 51. Rf4 h5 52. Bxc4 Nxc4 53.
Rxc4 Rd6 54. Rc2 Kf6 55. b4 Ra6 56. b5 Ra5 57. Rb2 Nd6 58. b6 Nb7 59. h4 Ke6
60. f3 Ra4 61. Rb5 Rxa2+ 62. Kh3 Ra3 63. f4 Ra6 64. Rxh5 Nd6 65. b7 Rb6 66.
Re5+ Kf6 67. h5 Rxb7 68. g4 Rb1 69. g5+ Kf7 70. h6 Rh1+ 71. Kg2 Rh4 72. Kg3 Rh1
73. Rd5 Ke6 74. Re5+ Kf7 75. Ra5 Kg6 76. Ra6 Rd1 77. Kg4 Rg1+ 78. Kf3 Rd1 79.
Ra8 Rf1+ 80. Kg4 Rg1+ 81. Kf3 Rf1+ 82. Ke3 Nf5+ 83. Ke4 Re1+ 84. Kd3 Re3+ 85.
Kd2 Rf3 86. Ra6+ Kh7 87. Ra4 Kg6 88. Ke2 Re3+ 89. Kf2 Re6 90. Ra3 Nxh6 91. gxh6
Kxh6 92. Rg3 Rg6 93. Rxg6+ Kxg6 94. f5+ Kxf5 1/2-1/2

[Event "Beijing Sportaccord Basque"]
[Site "Beijing"]
[Date "2014.12.17"]
[Round "5"]
[White "Harikrishna, Pentala"]
[Black "Radjabov, Teimour"]
[Result "0-1"]
[WhiteElo "2727"]
[BlackElo "2734"]
[PlyCount "58"]
[EventDate "2014.12.16"]
[EventType "swiss"]
[EventRounds "5"]
[EventCountry "CHN"]
[SourceTitle "CBM 164"]
[Source "ChessBase"]
[SourceDate "2015.01.15"]
[SourceVersion "1"]
[SourceVersionDate "2015.01.15"]
[SourceQuality "1"]

1. e4 e5 2. Nf3 Nc6 3. Bc4 Bc5 4. d3 Nf6 5. Nbd2 a6 6. c3 O-O 7. Bb3 d6 8. O-O
Re8 9. h3 Be6 10. Nc4 b5 11. Ne3 Bb6 12. a4 Rb8 13. axb5 axb5 14. Ng5 Bxb3 15.
Qxb3 Qd7 16. Nd5 Nxd5 17. Qxd5 Nd8 18. Be3 h6 19. Bxb6 Rxb6 20. Nf3 Ne6 21.
Rfd1 Nf4 22. Qb3 d5 23. Nh4 Nxh3+ 24. gxh3 Qxh3 25. Nf5 Rg6+ 26. Ng3 Rxg3+ 27.
fxg3 Qxg3+ 28. Kh1 Qh3+ 29. Kg1 Re6 0-1

[Event "Beijing Sportaccord Basque"]
[Site "Beijing"]
[Date "2014.12.17"]
[Round "5"]
[White "Radjabov, Teimour"]
[Black "Harikrishna, Pentala"]
[Result "1-0"]
[WhiteElo "2734"]
[BlackElo "2727"]
[PlyCount "67"]
[EventDate "2014.12.16"]
[EventType "swiss"]
[EventRounds "5"]
[EventCountry "CHN"]
[SourceTitle "CBM 164"]
[Source "ChessBase"]
[SourceDate "2015.01.15"]
[SourceVersion "1"]
[SourceVersionDate "2015.01.15"]
[SourceQuality "1"]

1. d4 Nf6 2. c4 e6 3. g3 c5 4. Nf3 b6 5. Bg2 Bb7 6. d5 exd5 7. cxd5 g6 8. Nc3
Bg7 9. Bf4 O-O 10. O-O a6 11. Nd2 Nh5 12. Bd6 Re8 13. a4 a5 14. Nc4 Na6 15. e4
Nb4 16. Nb5 Ba6 17. g4 Bxb5 18. axb5 f5 19. gxh5 fxe4 20. hxg6 Qg5 21. gxh7+
Kh8 22. Nxb6 Qh6 23. Nc4 Nd3 24. Bg3 Nxb2 25. Nxb2 Bxb2 26. Rb1 Bd4 27. b6 e3
28. b7 exf2+ 29. Kh1 Rab8 30. Qg4 d6 31. Bxf2 Bxf2 32. Rxf2 Qxh7 33. Rb3 Rg8
34. Qf4 1-0